Veda, výskum, inžinierstvo - spiaci potenciál
Diskusia o budúcnosti vedy, výskumu a inžinierstva.
Enregistré dans:
| Auteur principal: | |
|---|---|
| Format: | Chapitre de livre |
| Langue: | slovaque |
| Sujets: | |
| Tags: |
Pas de tags, Soyez le premier à ajouter un tag!
|
MARC
| LEADER | 00000naa a2200000 4500 | ||
|---|---|---|---|
| 001 | 0247903 | ||
| 005 | 20231208115259.1 | ||
| 041 | 0 | |a slo | |
| 044 | |a SK | ||
| 245 | 1 | 0 | |a Veda, výskum, inžinierstvo - spiaci potenciál |c Milan Gregor |
| 520 | |a Diskusia o budúcnosti vedy, výskumu a inžinierstva. | ||
| 610 | 2 | 0 | |a veda |
| 610 | 2 | 0 | |a výskum |
| 610 | 2 | 0 | |a inžinierstvo paralelné |
| 610 | 2 | 0 | |a potreby spoločenské |
| 100 | 1 | |a Gregor, Milan | |